El optimista racional : (Registro nro. 11314)

Detalles MARC
000 -LIDER
fixed length control field 02021cam a2200397 c 4500
001 - NÚMERO DE CONTROL
Identificador de número de control 51348
003 - IDENTIFICACDOR DE NÚMERO DE CONTROL
control field DO-SdBNP
005 - DATE AND TIME OF LATEST TRANSACTION
control field 20240902123920.0
007 - CAMPOS FIJOS DE DESCRIPCIÓN FÍSICA
fixed length control field 51348
008 - ELEMENTOS DE LONGITUD FIJA
fixed length control field 110524s2010 mx a || 001 0 spa
015 ## - NÚMERO DENTRO DE LA BIBLIOGRAFÍA NACIONAL
National bibliography number
017 ## - NÚMERO DE REGISTRO DE DERECHOS DE AUTOR
Copyright or legal deposit number
Assigning agency
020 ## - ISBN
International Standard Book Number 9786071107664
035 ## - NÚMERO LOCAL
System control number
040 ## - FUENTE DE CATALOGACIÓN
Agencia que crea de manera original el registro BPMSU
Idioma de catalogación spa
Agencia que realiza la transcripción BPMSU
Convenciones de la despripción
080 ## - NÚMERO DE CLASIFICACIÓN DECIMAL UNIVERSAL
Universal Decimal Classification number
080 ## - NÚMERO DE CLASIFICACIÓN DECIMAL UNIVERSAL
Universal Decimal Classification number
082 #4 - NÚMERO DE CLASIFICACIÓN DECIMAL DE DEWEY
Classification number 339.2
Item number R545o 2010
Edition number 22
100 1# - ASIENTO PRINCIPAL -- NOMBRE PERSONAL
Nombre personal Ridley, Matt
Fechas asociadas con el nombre 1954-
245 13 - MENCIÓN DE TITULO
Título El optimista racional :
Subtítulo ¿tiene límites la capacidad de progreso de la especie humana? /
Mención de responsabilidad Matt Ridley ; traducción Gustavo Beck Urriolagoitia
Medio (Designación general de material)
260 ## - PUBLICACIÓN, DISTRIBUCIÓN, ETC. (PIE DE IMPRENTA)
Lugar de publicación, distribución, etc México, D.F. :
Nombre del editor, distribuidor, etc. Santillana Ediciones Generales,
Fecha de publicación, distribución, etc 2010
300 ## - DESCRIPCIÓN FÍSICA
Extensión 413 p. :
Otros detalles físicos il., gráf. ;
Dimensiones 25 cm
490 0# - MENCIÓN DE SERIES
Mención de serie Pensamiento
500 ## - NOTA GENERAL
Nota general Incluye datos biográficos del autor en la solapa de la cubierta
505 0# - NOTA DE CONTENIDO
Texto normalizado de contenido Capítulo 1 Un mejor hoy: el presente sin precedente - Capítulo 2 El cerebro colectivo: 200.000 años de intercambio y especialización - Capítulo 3 La manufactura de la virtud: trueque, confianza y reglas desde hace 50.000 años - Capítulo 4 Alimentar a los 9.000 millones: La agricultura desde hace 10.000 años - Capítulo 5El triunfo de las ciudades: el comercio desde hace 5.000 años - Capítulo 6 Escape de la trampa de Malthus: la población desde 1200 - Capítulo 7 La liberación de los esclavos: la energía desde 1700 - Capítulo 8 La invención de la invención: el rendimiento aumenta desde 1800 - Capítulo 9 Los momentos críticos: el pesimismo desde 1900 - Capítulo 10 Los dos grandes pesimismos de la actualidad: áfrica y el clima después de 2010 - Capítulo 11La Catalaxia: el optimismo racional sobre el año 2100
590 ## - NOTA LOCAL
Texto de la nota local Inventariado, 2024/VM
650 #4 - ENCABEZAMIENTO DE MATERIA--TEMÁTICO
Término temático o nombre geográfico como elemento de entrada Racionalismo
650 #4 - ENCABEZAMIENTO DE MATERIA--TEMÁTICO
Término temático o nombre geográfico como elemento de entrada
650 #4 - ENCABEZAMIENTO DE MATERIA--TEMÁTICO
Término temático o nombre geográfico como elemento de entrada Optimismo
650 #4 - ENCABEZAMIENTO DE MATERIA--TEMÁTICO
Término temático o nombre geográfico como elemento de entrada Historia de la humanidad
650 #4 - ENCABEZAMIENTO DE MATERIA--TEMÁTICO
Término temático o nombre geográfico como elemento de entrada Desarrollo económico
700 1# - ASIENTO SECUNDARIO -- NOMBRE PERSONAL
Nombre personal Beck Urriolagoitia, Gustavo
Mención de responsabilidad tradución
830 ## - ASIENTO SECUNDARIO DE SERIE--TÍTULO UNIFORME
Título uniforme
910 ## - VALIDACIÓN
Validación VMateo V. Control de calidad BPMSU
942 ## - ADDED ENTRY ELEMENTS (KOHA)
Source of classification or shelving scheme Dewey Decimal Classification
Koha item type Libros
Existencias
Withdrawn status Lost status Source of classification or shelving scheme Damaged status Not for loan Collection code Home library Current library Date acquired Source of acquisition Total Checkouts Full call number Barcode Date last seen Price effective from Koha item type Copy number
    Dewey Decimal Classification     Colección General Biblioteca Pública Metropolitana Salomé Ureña Biblioteca Pública Metropolitana Salomé Ureña 09/05/2016 ALFAGUARA   BPMSU CG 339.2 R545o 2010 BPMSU16090141 09/05/2016 09/05/2016 Libros  
    Dewey Decimal Classification     Colección General Biblioteca Pública Metropolitana Salomé Ureña Biblioteca Pública Metropolitana Salomé Ureña 09/05/2016 ALFAGUARA   BPMSU CG 339.2 R545o 2010 BPMSU16090142 09/05/2016 09/05/2016 Libros e.2